LEADER 00975nam a2200217 i 4500 001 000000137393 003 CaOOAMICUS 005 20060829000000.0 008 060829s1967 it u000 u eng u 013 $a111168 040 $aSeMil$bita 100 1 $aHarvey, Austin : van.$0(OLS)http://semarc/name/31921 245 14$aThe historian and the believer :$bthe morality of historical knowledge and christian belief /$cAustin van Harvey. 260 $aLondon :$bSCM Press,$c1967. 300 $aXV, 301 p. ;$c22 cm. 650 4$aBibbia - Commentari, studi, critica, interpretazioni.$0(OLS)http://semarc/subject/783 850 $aSeMil 852 $aSeMil$W1$xVenegono$y1$m2E V 63$j90939$B90939$CSeMilBibl$Z2$F113873 $81 961 $aOmaggio: Gualerni don Gualberto 996 $6245$aThe historian and the believer :$bthe morality of historical knowledge and christian belief$9(OLS)http://semarc/title/200747 996 $6260$aLondon :$bSCM Press$9(OLS)http://semarc/publisher/34364 LEADER 01170nam a2200253 4500 001 000000340088 003 CaOOAMICUS 005 20200710174049.0 008 200403s2013 it a 000 u ita r 020 $a978-88-517-2734-5 040 $aSeMil$bita 100 1 $aSica, Mario,$d<1936- >.$0(OLS)http://semarc/name/3327 245 10$aDa El Alamein alla Valcamonica :$buna scelta partigiana /$cMario Sica. 264 1$aScandicci (Fi) :$bMEF L'Autore Libri,$c2013. 300 $a142 p. :$bill. ;$c22 cm 650 4$aMontini, Gino .$0(OLS)http://semarc/subject/49320 650 4$aGuerra mondiale <1939-1945> - Partigiani - Italia.$0(OLS)http://semarc/subject/31282 830 0$aBiblioteca 80. Narratori.$0(OLS)http://semarc/title/429003 850 $aSeMil 852 $aSeMil$W1$xVenegono$y1$m3V III 250$j221196$B231227$CSeMilBibl$Z2$F231227 $81 996 $6020$a978-88-517-2734-5$9(OLS)http://semarc/number/290281 996 $6245$aDa El Alamein alla Valcamonica :$buna scelta partigiana$9(OLS)http://semarc/title/429004 996 $6264$aScandicci (Fi) :$bMEF L'Autore Libri$9(OLS)http://semarc/publisher/58960